|
|
|
|
| LEADER |
00000cam a22000002c 4500 |
| 001 |
1866314084 |
| 003 |
DE-627 |
| 005 |
20250116054855.0 |
| 007 |
cr uuu---uuuuu |
| 008 |
231019s2015 xx |||||o 00| ||eng c |
| 035 |
|
|
|a (DE-627)1866314084
|
| 035 |
|
|
|a (DE-599)KXP1866314084
|
| 040 |
|
|
|a DE-627
|b ger
|c DE-627
|e rda
|
| 041 |
|
|
|a eng
|
| 084 |
|
|
|a 2,1
|2 ssgn
|
| 100 |
1 |
|
|a Webster, Benjamin Corey
|e VerfasserIn
|4 aut
|
| 245 |
1 |
0 |
|a Entropy and the Economy of Violence: Anthropophagy and Sacrificial Violence in Late Modernity
|
| 264 |
|
1 |
|c 2015
|
| 336 |
|
|
|a Text
|b txt
|2 rdacontent
|
| 337 |
|
|
|a Computermedien
|b c
|2 rdamedia
|
| 338 |
|
|
|a Online-Ressource
|b cr
|2 rdacarrier
|
| 520 |
|
|
|a In this project, I explore the relationship of biosocial perspectives, specifically the study of energy and entropy, to contemporary work in criminology and social theory. After working through an elaboration of entropy, I explore its relevance to social life through an eclectic but necessary survey of a key set of scholars whose work focuses upon the sacrifice and criminalization of the poor, the intensification of exclusion and genocidal contexts, and finally, the possibility of a politics of change through indigenous knowledges. Bringing these various schools of thought together allows us to see the interdisciplinary linkages that might better reveal the urgency of emergency in our contemporary era
|
| 856 |
4 |
0 |
|u https://core.ac.uk/download/268803769.pdf
|x Verlag
|z kostenfrei
|3 Volltext
|7 0
|
| 935 |
|
|
|a mkri
|
| 951 |
|
|
|a BO
|
| ELC |
|
|
|a 1
|
| LOK |
|
|
|0 000 xxxxxcx a22 zn 4500
|
| LOK |
|
|
|0 001 4392957721
|
| LOK |
|
|
|0 003 DE-627
|
| LOK |
|
|
|0 004 1866314084
|
| LOK |
|
|
|0 005 20231019043639
|
| LOK |
|
|
|0 008 231019||||||||||||||||ger|||||||
|
| LOK |
|
|
|0 035
|a (DE-2619)CORE75192001
|
| LOK |
|
|
|0 040
|a DE-2619
|c DE-627
|d DE-2619
|
| LOK |
|
|
|0 092
|o n
|
| LOK |
|
|
|0 852
|a DE-2619
|
| LOK |
|
|
|0 852 1
|9 00
|
| LOK |
|
|
|0 935
|a core
|
| LOK |
|
|
|0 939
|a 19-10-23
|b l01
|
| OAS |
|
|
|a 1
|
| ORI |
|
|
|a SA-MARC-krimdoka001.raw
|